The WTO multilateral trade agenda and the south

Gespeichert in:
Bibliographische Detailangaben
Körperschaft: South Centre (VerfasserIn)
Format: Buch
Sprache:Englisch
Veröffentlicht: Ginebra South Centre 1998
Schlagworte:
Tags: Tag hinzufügen
Keine Tags, Fügen Sie den ersten Tag hinzu!

MARC

LEADER 00000nam a2200000 a 4500
001 UCP6296
003 CL-VaPUC
008 991021e19980000SZ |||||||||||||||||eng|d
082 0 4 |a 337.1  |b SOU  |2 21 
110 2 |a South Centre  |e author  |9 435314 
245 1 4 |a The WTO multilateral trade agenda and the south 
300 |a 135 p 
942 |c BK 
945 |d 19991021 00:00:00  |a rbrito 
260 |a Ginebra  |b South Centre  |c 1998 
650 7 |a COMERCIO INTERNACIONAL  |2 CL-VaPUC  |9 435315 
650 0 |a Economía internacional  |9 258254 
650 0 |a Desarrollo económico  |9 259599 
583 |a last modification  |c 19991021 00:00:00  |k Rodrigo Vera 
999 |c 283890  |d 283888 
952 |0 0  |1 0  |4 0  |6 337_100000000000000_SOU_1998  |7 0  |8 A  |9 327412  |a BIBGIM  |b BIBGIM  |d 2019-11-20  |i 3561097  |o 337.1 SOU 1998  |p 3561097  |r 2025-01-15  |w 2019-11-20  |y BK  |k GIM 
952 |0 0  |1 0  |4 0  |6 337_100000000000000_SOU_1998  |7 0  |8 A  |9 327413  |a BIBGIM  |b BIBGIM  |d 2019-11-20  |i 3562700  |o 337.1 SOU 1998  |p 3562700  |r 2025-01-15  |w 2019-11-20  |y BK  |k GIM 
952 |0 0  |1 0  |4 0  |6 337_100000000000000_SOU_1998  |7 0  |8 P  |9 327414  |a BIBEDU  |b BIBEDU  |c BIBEDU_PB  |d 2019-11-20  |i 3565459  |o 337.1 SOU 1998  |p 3565459  |r 2024-01-25  |w 2019-11-20  |y BK  |k BME 
952 |0 0  |1 0  |4 0  |6 337_100000000000000_SOU_1998  |7 0  |8 A  |9 327415  |a BIBING  |b BIBING  |d 2019-11-20  |i 3560856  |o 337.1 SOU 1998  |p 3560856  |r 2025-01-20  |w 2019-11-20  |y BK  |k EII